Sports Quiz

Random Sports or Hockey Quiz
Score 0/28 Timer 10:00
0 Plays Today
Number Player % Correct
31Kyle Rank
88.9%
2Cole Ruwe
80%
11Bubba Larson
80%
23Charlie Carkin
80%
30Eric Levine
80%
1Kevin Carr
77.8%
5Jarrett Rush
70%
13Garrett Vermeersch
70%
14Parker Stanfield
70%
21Tyler Fernandez
70%
81Nick Wheeler
70%
21Chris Greene
66.7%
7Joe Schiller
60%
19Steve Morra
60%
Number Player % Correct
24Tyler Amburgey
60%
17Dean Yakura
60%
15Matt Viola
60%
78Justin Gvora
55.6%
18Jeremiah Ketts
55.6%
26Aaron McGill
55.6%
14Locke Jillson
55.6%
24Ben Oskroba
55.6%
4Nick Prockow
50%
8Adam Hartley
50%
3Adam Feniak
50%
25Kyle Watson
50%
10Alex Mentink
40%
14Corey Tamblyn
33.3%
Remove Ads.
Support Sporcle.
Get the best of Sporcle when you Go Orange. This ad-free experience offers more features, more stats, and more fun while also helping to support Sporcle. Thank you for becoming a member.

You're not logged in!

Compare scores with friends on all Sporcle quizzes.
OR
Log In

Show Comments

Extras

Top Quizzes Today


Score Distribution

Your Account Isn't Verified!

In order to create a playlist on Sporcle, you need to verify the email address you used during registration. Go to your Sporcle Settings to finish the process.

Report this User

Report this user for behavior that violates our Community Guidelines.

Details: